00880nam a2200169 a 4500003000200000005001700002008004100019050002700060100003400087245031700121260009000438300004000528504004100568650003800609650002300647650004000670020250522152831.0030519s19uu xx 00 eng d aPHS JZ 1480b.B66 2003 aBonifacio, Adrian Immanuel M. aA Comparative study on the current awareness levels of 4th year high school students of Southville International School and Colleges, Manresa, and St. Benedict College on current national and international political events and issues, and how they achieved those awareness levels /cAdrian Immanuel M. Bonifacio. aLas Piñas City, Philippines :bSouthville International School and Colleges,c2003. a44 pages :billustrations ;c28 cm. aIncludes bibliographical references. aPolitical awarenesszPhilippines. aComparative study. aCurrent eventsxStudy and teaching.